[Event "World Cup"]
[Site "Khanty-Mansiysk"]
[Date "2007.12.02"]
[Round "3.3"]
[White "Bacrot, Etienne"]
[Black "Karjakin, Sergey"]
[Result "0-1"]
[WhiteElo "2695"]
[BlackElo "2694"]
[Annotator "Rogozenco,D"]
[PlyCount "60"]
[EventDate "2007.11.24"]
[EventType "k.o."]
[EventRounds "7"]
[EventCountry "RUS"]
[SourceTitle "CBM 122"]
[Source "ChessBase"]
[SourceDate "2008.01.30"]
[SourceVersion "1"]
[SourceVersionDate "2008.01.30"]
[SourceQuality "1"]

1. d4 d5 2. c4 c6 3. Nf3 Nf6 4. e3 a6 5. Nc3 b5 6. c5 Nbd7 7. Bd3 e5 8. Nxe5
Nxe5 9. dxe5 Ng4 10. f4 Bxc5 11. Qf3 Qb6 {The theory of this line is just
developing and the present rapid game has a certain theoretical value.} 12. Nd1
$146 {Suggested by R.Huebner as a possible improvement for White.} ({The only
existing game continued} 12. Ke2 Nh6 13. h3 (13. f5 Qc7 14. Qf4 f6 $132) 13...
a5 (13... O-O $142 {[%cal Gf7f6] Huebner}) 14. Bd2 Ba6 15. Kf2 Be7 16. Rhd1 O-O
$13 {1-0 Gelfand,B-Sokolov,I/Merida 2005 (30)}) 12... Nh6 (12... O-O 13. h3 Nh6
14. g4 $13) 13. f5 Qc7 14. Bd2 (14. Qf4 f6 15. e6 Qxf4 16. exf4 g6 $15) 14...
O-O {A risky move, which, nevertheless is perfectly playable.} ({Another
critical variation is} 14... Qxe5 15. Bc3 Qd6 16. Bxg7 Rg8 {and it seems that
Black has sufficient play:} 17. f6 ({After} 17. Bc3 Rg5 {Black has the
initiative} ({or} 17... Ng4)) 17... Bg4 (17... Ng4 18. Bxh7 Bb4+ 19. Ke2 Ne5
20. Qf4 Bg4+ 21. Kf1 $16) 18. Qf2 Bxd1 19. Bxh6 (19. Rxd1 $2 Ng4 $36) 19... Bh5
20. Bxh7 Bb4+ 21. Kf1 Rh8 22. Qf5 Bg6 23. Bf4 Bxf5 24. Bxd6 Bxd6 25. Bxf5 Rh6
$11) 15. Rc1 Bb6 (15... Ba7 $5) 16. f6 Re8 $1 (16... Qxe5 17. Rxc6 Ba7 18. fxg7
Qxg7 (18... Re8 $2 19. Rxh6) 19. h3 $14) 17. Qg3 (17. fxg7 Rxe5 18. O-O Bf5 $15
) 17... Ng4 18. Nf2 Qxe5 19. Nxg4 Bxg4 (19... Qxg3+ $2 20. hxg3 Bxg4 21. Bxh7+
Kf8 22. Bf5 $18) 20. Rxc6 ({More precise is} 20. Qxg4 g6 21. Rxc6 Bxe3 {
leading to the same position as in the game without giving Black the
opportunity 20...Qxg3}) 20... Bxe3 ({Black achieves a draw by exchanging
queens:} 20... Qxg3+ $1 21. hxg3 Bxe3 22. Bxh7+ Kf8 23. Bxe3 Rxe3+ 24. Kd2 Rxg3
25. Bd3 Kg8 (25... Rxg2+ $2 26. Kc1 Kg8 27. Bh7+ Kf8 28. Be4 $18) 26. Bh7+ Kf8
27. Bd3 $11 (27. Be4 $6 gxf6 28. Rh8+ Kg7 29. Rxa8 dxe4 $36)) 21. Qxg4 g6 {
The position is a complete mess and every mistake can be fatal. For the bishop
Black has a pawn and soon will win at leasst one more. Together with the fact
that white king is stuck in the center this gives Black certain compensation,
but as mentioned, the position is extremely sharp and basically both sides are
walking on the edge.} 22. Kd1 (22. Bc3 {requires very precise play from Black:}
d4 23. Bb4 Qd5 (23... Bd2+ $2 24. Kxd2 Qe3+ 25. Kc2) (23... Bf2+ $2 24. Kf1 $18
) 24. Rc2 (24. Qf3 Qxa2 $44) 24... h5 $1 ({after} 24... Qxa2 25. Be7 $1 {
White has good chances to defend and keep the extra piece.}) 25. Qf3 (25. Qd1
$2 Bd2+ $1 26. Kxd2 Qg5#) (25. Qh3 Qxa2 26. Ke2 (26. Be7 $2 Qb1+ 27. Ke2 Qxh1
$19) 26... Bg5+ $44) 25... Qxa2 26. Ke2 (26. Be7 Rac8 $44) 26... Rac8 27. Rxc8
Rxc8 $44) (22. Bxe3 Qxe3+ 23. Be2 (23. Qe2 $2 Qxd3 $19) 23... d4 $44) 22...
Bxd2 $6 (22... Qxb2 $142 23. Bxe3 (23. Bc2 $2 Qa1+ $19) 23... Rxe3 24. Rc8+ Re8
25. Rxa8 Rxa8 {with a draw as the most likely result:} 26. Rf1 Qa1+ 27. Ke2
Qxa2+ 28. Kd1 Qa1+ {etc}) 23. Kxd2 Qxb2+ 24. Bc2 {After the exchange of
bishops on d2 White is much better, since Black released the pressure on the
e-file and the king is better off on d2 than on e1. Moreover, the rook from h1
is ready to enter the game.} h5 {Normally this should have helped White to win
quicker, but as it often happens in mutual time trouble, a mistake is answered
by an even bigger mistake.} (24... d4 25. Qh3 Qxa2 (25... Qb4+ 26. Kc1 $18) 26.
Qh6 Qa5+ 27. Kc1 Qa3+ (27... Qa1+ 28. Bb1 Qa3+ 29. Kd1 Qf8 (29... Qa4+ 30. Rc2
$18) 30. Qxf8+ Kxf8 31. Kd2 $18) 28. Kb1 Qb4+ 29. Ka2 Qa5+ 30. Kb2 Qb4+ 31. Bb3
Re2+ 32. Kc1 Qf8 (32... Qa3+ 33. Kd1 Qxb3+ 34. Kxe2 Re8+ 35. Kf2 Qb2+ 36. Kg3
Re3+ 37. Qxe3 dxe3 38. Rc8#) 33. Qxf8+ Rxf8 (33... Kxf8 34. Rc7 $18) 34. Bd5
$18) 25. Qf4 Rac8 26. Rxc8 $2 ({Instead} 26. Rb1 {wins:} Qxa2 27. Qh6 Qa5+ 28.
Kd3 Qa3+ 29. Bb3 Qf8 30. Qxf8+ Kxf8 31. Rxa6 $18) 26... Rxc8 27. Rc1 Rc4 $1 {
This resource was missed by Bacrot.} 28. Qg5 (28. Qf3 $2 Rd4+ 29. Ke2 Qxc1 $19)
(28. Qe3 $2 Re4 29. Qh6 Qb4+ $19) (28. Qh6 Qxf6 {With three pawns for the
bishop and a strong attack Black has a clear advantage.}) 28... Rd4+ 29. Ke2 $2
({After} 29. Ke1 Rg4 30. Qe3 Qxf6 31. g3 {Black is better, but White can still
put up a tough resistance.}) 29... Rg4 $19 30. Qe3 (30. Qh6 Re4+ $19) 30... Re4
0-1

[Event "RUS-chT 16th"]
[Site "Dagomys"]
[Date "2009.04.08"]
[Round "5"]
[White "Malakhov, Vladimir"]
[Black "Ni, Hua"]
[Result "0-1"]
[WhiteElo "2709"]
[BlackElo "2724"]
[Annotator "Rogozenco,D"]
[PlyCount "106"]
[EventDate "2009.04.04"]
[EventType "team-tourn"]
[EventRounds "7"]
[EventCountry "RUS"]
[SourceTitle "EXT 2020"]
[Source "ChessBase"]
[SourceDate "2019.10.17"]
[SourceVersion "1"]
[SourceVersionDate "2019.10.17"]
[SourceQuality "1"]
[WhiteTeam "Sverdlovsk Ural region"]
[BlackTeam "Saratov Ekonomist SGSEU"]
[WhiteTeamCountry "RUS"]
[BlackTeamCountry "RUS"]

1. Nf3 d5 2. d4 Nf6 3. c4 c6 4. e3 a6 5. Nc3 b5 6. c5 g6 7. Bd3 Bg7 8. Qc2 {
A relatively new move introduced into practice and constantly used by Kozul.} (
8. h3) (8. b4) 8... O-O 9. O-O a5 (9... Nbd7 10. e4 b4 11. Na4 dxe4 12. Bxe4
Nxe4 13. Qxe4 Nf6 14. Qh4 Nd5 (14... Bg4 15. Ne5 Qxd4 16. Re1 $36) 15. Re1 Bf5
(15... f6 16. Nd2 Bf5 17. Nc4 Qc7 18. Nab6 Rad8 19. Qg3 Qxg3 20. hxg3 Kf7 21.
Na5 Nxb6 22. cxb6 Bd7 23. Bd2 {1-0 Kozul,Z (2594)-Onoprienko,V (2372)/Budva
2009 (28)}) 16. Bh6 f6 17. Bxg7 Kxg7 18. Qg3 Qb8 19. Nd2 Qxg3 20. hxg3 Kf7 21.
Nc4 Bd3 22. Na5 Bb5 23. Nb6 Nxb6 24. cxb6 Rab8 25. b7 $16 {1-0 Kozul,Z (2593)
-Skoberne,J (2501)/Austria 2009 (36)}) 10. a3 $146 (10. Re1 Bg4 11. Ne5 Be6 12.
f4 Nfd7 13. Ne2 f5 14. Kh1 {1/2-1/2 Reutsky,S (2381)-Lintchevski,D (2481)/
Budva 2009}) (10. h3 $5) 10... Nbd7 11. e4 {Malakhov plays in the same manner
as Kozul, but the inclusion of the moves a5/a3 favours Black.} dxe4 12. Bxe4
Nxe4 13. Qxe4 Nf6 14. Qh4 Bg4 $1 15. Ne5 Qxd4 16. Re1 (16. Nxc6 $2 Qxc5 $19)
16... b4 $1 (16... Rac8 $2 17. h3 $18) 17. Na4 $2 {The same position with the
pawns on a2 and a6 would have been better for White (see above 9...Nbd7), but
here the Chinese GM shows a big difference.} (17. Nxc6 Qxc5 18. Nxe7+ Kh8 $15 {
/=}) 17... bxa3 $1 18. Rxa3 Qb4 $1 {[%csl Re1]} 19. f3 Be6 $17 {It turns out
that White has no time to regain the pawn.} 20. Qf2 (20. Qxb4 $2 axb4 21. Ra1
Bb3 $19) (20. Bg5 Qb5 $17) 20... Qb5 21. Nb6 Rad8 {Unfortunately for White, in
addition to being a pawn down his position is full of weaknesses and his
pieces completely lack coordination.} 22. h3 $6 ({Some practical chances to
escape are offered by} 22. Bd2 Qxb2 23. Nbc4 Bxc4 ({worse is} 23... Qd4 24. Be3
) 24. Nxc4 Qd4 25. Qxd4 (25. Ra4 Nd5 $19) 25... Rxd4 26. Rc1 $17) 22... Nd5 $1
{Now White loses more material.} 23. Na4 (23. Nxd5 Rxd5 24. f4 Rxc5 $19) 23...
Nb4 24. Nc3 Qb7 $19 {There is no threat against Bxe5 followed by Nd3.} 25. Rxa5
(25. Qg3 Nc2 $19) 25... Bxe5 26. Rxe5 Qc7 (26... Nd3 $19) 27. Rxe6 Qxa5 28.
Rxe7 Nd3 29. Qe3 Nxc1 30. Ne4 (30. Qxc1 Qxc5+ $19) 30... Qa4 {White is
completely lost and Malakhov's decision to continue was dictated by the fact
that the game was played in a team competition.} 31. Kh2 (31. Qxc1 Rd1+ $19)
31... Nd3 32. Nf6+ Kg7 33. Re4 Qa7 34. Qg5 Qb8+ 35. f4 Qxb2 36. Nh5+ Kh8 37.
Nf6 Kg7 38. Nh5+ Kh8 39. Nf6 Nxf4 (39... Nxc5 40. Re5 Nd7 {finishes immediately
}) 40. Rxf4 Rd2 41. Ne4 Re2 42. Rh4 Re8 $5 43. Qf6+ (43. Nf6 Rxg2+ 44. Qxg2
Qxf6 $19) 43... Qxf6 44. Nxf6 Kg7 45. Nxe8+ Rxe8 {Unfortunately for White,
this rook endgame with a pawn down is lost for him.} 46. Ra4 (46. Rc4 Re5 47.
Kg3 f5 48. Kf3 Kf6 49. g4 Ke6 50. Rc1 Kd5 $19) (46. Kg3 Re3+ 47. Kf2 Rc3 $19)
46... Re5 47. Ra5 Kf6 48. Kg3 Rf5 $1 49. Kh4 h5 50. g4 hxg4 51. hxg4 Re5 52.
Kg3 Kg5 53. Kf3 f6 0-1

[Event "Bundesliga 0708"]
[Site "Germany"]
[Date "2008.03.08"]
[Round "10.3"]
[White "Nisipeanu, Liviu Dieter"]
[Black "Braun, Arik"]
[Result "1-0"]
[WhiteElo "2684"]
[BlackElo "2536"]
[Annotator "Rogozenco,D"]
[PlyCount "61"]
[EventDate "2007.10.20"]
[EventType "team-tourn"]
[EventRounds "15"]
[EventCountry "GER"]
[SourceTitle "CBM 123"]
[Source "ChessBase"]
[SourceDate "2008.04.02"]
[SourceVersion "1"]
[SourceVersionDate "2008.04.02"]
[SourceQuality "1"]
[WhiteTeam "Baden-Baden"]
[BlackTeam "Eppingen"]
[WhiteTeamCountry "GER"]
[BlackTeamCountry "GER"]

1. d4 d5 2. c4 c6 3. Nf3 Nf6 4. e3 a6 5. Nc3 b5 6. c5 Nbd7 7. a3 a5 8. Bd2 {
This rare continuation is actually a tricky move. White prepares to open the
queenside and keeps the light-squared bishop on f1 in order to be able to
sacrifice it on b5 at once.} g6 {A natural looking novelty.} ({Jakovenko has
twice faced 8.Bd2 and both times continued} 8... Qc7 {Those games went} 9. b4
e5 10. Nxb5 $5 (10. bxa5 e4 11. Ng1 Rxa5 12. Nge2 h5 13. Nc1 Be7 14. Nb3 Ra8
15. h3 O-O 16. Be2 h4 17. a4 $11 {1/2-1/2 Bareev,E-Jakovenko,D/Moscow 2005 (52)
}) 10... cxb5 11. Bxb5 exd4 12. exd4 Be7 13. O-O O-O 14. Bg5 axb4 15. axb4 Rxa1
16. Qxa1 Bd8 17. Bd3 Ne4 18. Bxd8 Rxd8 19. b5 $44 Ndxc5 20. dxc5 Qxc5 21. Qe5
$14 {1/2-1/2 Belov,V-Jakovenko,D/Sochi 2005 (34)}) 9. b4 axb4 ({In case of} 
9... a4 {Black must reckon first of all with} 10. Nxb5 cxb5 11. Bxb5 {and
after taking the third pawn on a4 White will have more than enough
compensation for the knight.}) (9... Bg7 10. bxa5 Rxa5 11. a4 bxa4 12. Nxa4 Ra7
13. Nb6 $5 Rxa1 14. Qxa1 Nxb6 (14... O-O 15. Ba5 $36) 15. Ba5 Nfd7 16. cxb6 Bb7
17. Be2 O-O 18. O-O $13) 10. axb4 Rxa1 11. Qxa1 Bg7 12. Qa8 {Nisipeanu forces
an endgame where only White can play for a win.} Qc7 13. Bxb5 $5 {The
sacrifice on b5 is one of the main ideas of the entire system starting with 6.
c5.} cxb5 14. Nxb5 Qb7 {A difficult choice.} ({After the alternative} 14... Qb8
{White can either continue with two pawns for the knight, or win back the
piece:} 15. Qxb8 (15. c6 $5 Qxa8 16. Nc7+ Kd8 17. Nxa8 Ba6 $1 (17... Nf8 $6 18.
b5 Bf5 19. Ng5 $16) (17... Ne4 $6 18. b5 Nxd2 19. Kxd2 $16) 18. b5 Bxb5 19.
Ba5+ Kc8 20. cxd7+ Nxd7 21. Kd2 Kb7 22. Nc7 {White still keeps some attacking
prospects in the endgame.}) 15... Nxb8 16. Na7 $44) (14... Qd8 $2 15. Na7 O-O (
15... Ba6 16. Qxd8+ Kxd8 17. b5 $18 {[%cal Gd2a5]})) 15. Qxb7 Bxb7 16. O-O O-O
17. Ra1 Ra8 {Again Black had to choose whether the presence of rooks offers
more chances to escape. The problem is that there is no clear draw in either
case: with his strong passed pawns White keeps a strong initiative everywhere.}
(17... Rb8 $142 18. Na7 (18. Ra7 Ne4 19. Be1 $44 (19. Nc7 $5 e5 20. Be1 exd4
21. exd4 $13)) 18... Ba8 19. b5 Ne8 20. Bb4 $44) 18. Rxa8+ Bxa8 19. Na7 Ne4 20.
b5 $1 e6 21. c6 Nxd2 $2 {After exchanging on d2 White will decisively bring
the knight to support the passed pawns. The point is that without the exchange
on d2 Black could use his own knight for defence (by coming to d6 at some
moment).} ({The only way to put up resistance was} 21... Nb6 22. Ba5 Nc4 23.
Bb4 ({After} 23. Bd8 Ned6 24. b6 Na5 25. Be7 Ndc4 {Black is always ready to
sacrifice back the piece and holds somehow.}) 23... Bf8 24. c7 Bb7 25. Bxf8
Kxf8 26. c8=Q+ Bxc8 27. Nxc8 Ke8 {and thanks to his strong knights and more
active king Black has real hopes to win back the b-pawn.}) 22. Nxd2 Nb6 23. Nb3
Bf8 (23... Kf8 24. c7 Ke7 25. c8=N+ Nxc8 26. Nxc8+ Kd8 27. Nb6 Bb7 28. Na5 Kc7
29. Na4 $18) 24. c7 Bb7 25. Nc5 $1 Bd6 (25... Bc8 26. Na4 $1 Nxa4 27. Nxc8 $18)
26. Nxb7 Bxc7 27. Nc5 Nc4 {Loses immediately, but with a healthy extra pawn
White was winning anyway.} 28. Nc8 $1 Kf8 29. b6 Bd8 (29... Nxb6 30. Nxb6 Bxb6
31. Nd7+ $18) (29... Bxb6 30. Nd7+ Ke8 31. Ncxb6 $18) 30. b7 Bc7 31. Na6 1-0

[Event "Taiyuan schev"]
[Site "Taiyuan"]
[Date "2006.07.13"]
[Round "4"]
[White "Berkes, Ferenc"]
[Black "Wang, Hao"]
[Result "1-0"]
[WhiteElo "2601"]
[BlackElo "2610"]
[Annotator "Rogozenco,D"]
[PlyCount "115"]
[EventDate "2006.07.10"]
[EventType "schev"]
[EventRounds "12"]
[EventCountry "CHN"]
[SourceTitle "CBM 114"]
[Source "ChessBase"]
[SourceDate "2006.10.02"]
[SourceVersion "1"]
[SourceVersionDate "2006.10.02"]
[SourceQuality "1"]

1. d4 d5 2. c4 c6 3. Nf3 Nf6 4. Nc3 a6 5. a4 e6 6. Bg5 h6 7. Bh4 dxc4 8. e4 {
The sharpest and best continuation.} ({Weaker is} 8. e3 b5 9. axb5 cxb5 10.
Bxf6 gxf6 11. Nxb5 axb5 12. Rxa8 Bb4+ $44) 8... g5 ({Another principled move is
} 8... b5 {with only one game played in practice so far. Obviously, many
attempts to improve are possible:} 9. axb5 (9. e5 $5) 9... cxb5 10. e5 (10.
Nxb5 $2 axb5 11. Rxa8 Bb4+ $19) 10... g5 11. exf6 $6 (11. Nxg5 $13) 11... gxh4
12. Ne5 Qxf6 13. Nxb5 Bb4+ ({After} 13... axb5 $1 14. Rxa8 Bb4+ 15. Ke2 Bd6 {
Black has more than enough compensation for the exchange.}) 14. Nc3 O-O 15.
Bxc4 Bb7 16. O-O Rd8 17. Re1 Qg7 18. g3 Nc6 19. Nxf7 Rxd4 $2 (19... Nxd4 20.
Nxd8 Rxd8 $44) 20. Qh5 Rxc4 21. Nxh6+ Kh8 22. Rxe6 $18 {1-0 Vallejo Pons,F 
(2519)-Magem Badals,J (2528)/Cala Galdana 1999 (30)}) 9. Bg3 b5 {Black follows
Topalov's play, but White came well prepared.} (9... Bb4 10. Bxc4 (10. Qc2 $5 {
Stohl}) 10... Nxe4 11. O-O Nd6 (11... Nxg3 12. fxg3 Nd7 13. Qb3 $44) 12. Bb3 (
12. Bd3 $5) 12... Nf5 13. Ne4 Nd7 14. Qe2 Be7 15. Rad1 $44 {0-1 Meessen,R 
(2323)-Middelburg,T (2373)/Germany 2001 (83)}) 10. axb5 cxb5 11. Nxb5 axb5 12.
Rxa8 Bb4+ 13. Ke2 Nc6 14. Ne5 Na5 15. Rb8 Nxe4 {The next move shows that in
spite of appearances, Black's compensation is questionable.} 16. Rxb5 $1 $146 {
[%mdl 8] This strong novelty points out the vulnerability of Black's queenside
minor pieces. Since Black cannot use the position of opponent's king on e2,
the evaluation is clear - White has the advantage.} (16. f3 Nd6 17. h4 f6 18.
hxg5 Nf5 $1 $17 {0-1 Ivanchuk,V (2729)-Topalov,V (2801)/Monte Carlo 2006 (32)})
16... Bd2 {This is forced, since Black must keep the knight on a5 protected.} (
16... Bd6 17. Qa4 $18) 17. Qc2 (17. Qa4 $2 O-O $44) 17... Nxg3+ 18. hxg3 Ba6
19. Qxd2 $1 (19. Rc5 $2 Nb3 $17) 19... Bxb5 20. Qb4 $1 {The material is equal
now, but White's pieces are more active.} Qb6 21. Ke3 Nc6 {After this move
White's advantage is beyond doubts.} ({Black had to give up a pawn and search
for compensation in variations like} 21... Nb3 22. Qc3 O-O 23. Bxc4 (23. Nxc4
$5 Bxc4 24. Bxc4 e5 25. Qxb3 (25. Bxb3 $2 exd4+ 26. Qxd4 Re8+ 27. Kd3 Rd8 28.
Bd5 Qb5+ 29. Kc2 Rxd5 $40) 25... Qxd4+ 26. Kf3 $1 (26. Ke2 Qe4+) 26... g4+ 27.
Ke2 Qe4+ 28. Kd2 (28. Kf1 Qb1+ 29. Ke2 Qxh1 $17) 28... Rd8+ 29. Bd3 Qxg2 {
[%cal Ge5e4]} 30. Qd1 $1 Qe4 31. Kc2 Rxd3 32. Qxd3 Qxh1 33. b4 $44) (23. Rxh6
$2 Rd8 $40) 23... Bxc4 24. Nxc4 Qb5 {although here too White's chances are
preferable after the simple} 25. Ne5 $1 (25. Rxh6 $6 Rc8 $132) 25... Kg7 {
Black's king on g7 seems exposed to an attack by no means less than his
colleague in the center. Besides, the knight on b3 is always a concern for
Black. Nevertheless it is not easy for White to find a convincing way:} (25...
Rd8 26. Qc7 $16) 26. Rd1 (26. Ng4 Qb6 $132) (26. f4 $5 Qb7 (26... gxf4+ 27.
gxf4 $16) 27. fxg5 Qxg2 $1 (27... hxg5 28. Rh5 f6 29. Qc2 $40) 28. gxh6+ Kh7
$44) 26... Kg8 27. f3 $16) 22. Nxc6 Qxc6 23. b3 $1 {Now White wins a pawn and
has a much better position. It turns out that Black has more problems with his
king than White.} f5 24. f3 $1 (24. bxc4 $2 Qe4+ $132) 24... f4+ 25. gxf4 gxf4+
26. Kf2 (26. Kxf4 $18 {is objectively stronger, but the game move is safer.})
26... Qb6 27. Qc5 (27. Qc3 $1 e5 (27... cxb3 28. Qc8+ $18) 28. bxc4 exd4 29.
Qd3 Bd7 30. Qe4+ Kd8 31. Rh5 $36) 27... Qxc5 28. dxc5 Kf7 29. bxc4 Bc6 30. Bd3
$16 Rd8 31. Be2 Kg6 32. Rd1 Rc8 (32... Rxd1 33. Bxd1 Kf6 34. Bc2 $16 {[%cal
Gc2e4]}) 33. Rd6 Kf6 34. Bd3 Be8 35. Rd4 Kg5 36. Ke2 Rxc5 37. Kd2 Rc8 {In
spite of material equality, Black's position is dangerous and very unpleasant
for a practical game. All his pawns are weak, while White has a clear plan to
support the advance of the c-pawn.} ({The active play is no better:} 37... e5
38. Rd6 Bf7 39. Kc3 Ra5 {[%cal Ga5a2]} 40. Kb4 Ra2 41. c5 Rxg2 42. c6 $18) 38.
Kc3 h5 39. Kb4 h4 40. Be4 Kf6 $6 ({Correct was} 40... Rb8+ 41. Kc5 (41. Kc3 Rc8
$14) 41... Kf6 {and it is not easy to make progress for White.}) 41. c5 Rb8+
42. Kc3 Ke5 (42... Rc8 43. Kc4 $16) 43. Rd1 Kf6 44. Rh1 Kg5 45. Ra1 Kf6 46. Ra7
Rb5 47. Ra8 (47. Kc4 $142 Rb2 48. Rh7 ({The endgame after} 48. c6 Bxc6 49. Bxc6
Rc2+ 50. Kb5 Rxg2 51. Rh7 Rh2 {seems drawish. Black threatens h3, Rh1 and h2.})
48... Rxg2 49. Rxh4 $16) 47... Bd7 $2 ({The trick} 47... Bc6 $1 {would have
offered real chances to escape again.}) 48. Kc4 Rb2 49. Rg8 $16 {/+-} Bb5+ 50.
Kc3 Re2 51. Rg4 Ke5 52. Rxh4 Rxe4 (52... Rxg2 53. Rh5+ Kf6 54. c6 $18) 53. Rh5+
$1 {The most precise.} ({There is no need to calculate} 53. fxe4 Kxe4 54. Kb4 {
which could be winning too, but much more complicate.}) 53... Kf6 54. fxe4 Bf1
55. c6 Ke7 56. Rh7+ Kd8 57. Kd4 Bxg2 58. Ke5 1-0